00575nam a2200169 i 450000100060000000300090000600500170001500700030003200800410003510000260007624500880010226000350019030000220022585200210024799900170026895201200028580385ES-MaACL20230906174214.0t|041027s1920 xxk ||||1| eng d1 aHodges, Frank.96389410aNationalisation of the mines / cby Frank Hodges ; with foreword by John R. Chynes. aLondon : bL. Parsons, c1920. a170 p. ; c19 cm. aES-MaACLjF-8272 c80385d80385 00104070aATENEOMbATENEOMcSPP2d2008-01-17eSCl0oF-8272p1084046r2023-02-23 00:00:00w2023-02-23yMONOGRAFIA